5HLuxD.jpg

KING HENRY VIII SENIOR AND PRIMARY SCHOOL LIBRARY OPAC

Geometry Snacks : (Record no. 149)

000 -LEADER
fixed length control field 01199cam a2200349za 4500
001 - CONTROL NUMBER
control field 021125159
003 - CONTROL NUMBER IDENTIFIER
control field UkOxU
005 - DATE AND TIME OF LATEST TRANSACTION
control field 20190729104319.0
007 - PHYSICAL DESCRIPTION FIXED FIELD--GENERAL INFORMATION
fixed length control field ta
008 - FIXED-LENGTH DATA ELEMENTS--GENERAL INFORMATION
fixed length control field 170731e201508uuxxka c |||||||0|0 eng|d
020 ## - INTERNATIONAL STANDARD BOOK NUMBER
International Standard Book Number 9781911093701 :
020 ## - INTERNATIONAL STANDARD BOOK NUMBER
International Standard Book Number 1911093703 :
035 ## - SYSTEM CONTROL NUMBER
System control number (UK-WkNB)9781911093701
035 ## - SYSTEM CONTROL NUMBER
System control number (StEdALDL)1/3659105
040 ## - CATALOGING SOURCE
Original cataloging agency UK-WkNB
Language of cataloging eng
Transcribing agency UK-WkNB
049 ## - LOCAL HOLDINGS (OCLC)
Holding library CROBAR
082 ## - DEWEY DECIMAL CLASSIFICATION NUMBER
Classification number 793.7 SOU
100 1# - MAIN ENTRY--PERSONAL NAME
Personal name Southall, Ed.
Relator term author
245 10 - TITLE STATEMENT
Title Geometry Snacks :
Remainder of title bite size problems and multiple ways to solve them /
Statement of responsibility, etc. Ed Southall, Pantaloni Vincent.
260 ## - PUBLICATION, DISTRIBUTION, ETC.
Place of publication, distribution, etc. Diss :
Name of publisher, distributor, etc. [distributor] Richard Griffin (1820) Ltd :
-- [distributor] H.E. Wootton Sons and Co :
-- [distributor] Parkwest Publications Inc,
Date of publication, distribution, etc. 2015.
300 ## - PHYSICAL DESCRIPTION
Extent 80 p. :
Other physical details 60 ill. ;
Dimensions 16x16x1 cm.
366 ## - TRADE AVAILABILITY INFORMATION
Detailed date of publication 20150801
Availability status code IP
ISO country code GB
MARC country code xxk
Source of availability status code UK-WkNB
650 ## - SUBJECT ADDED ENTRY--TOPICAL TERM
Topical term or geographic name entry element Games & activities
Form subdivision puzzles
650 ## - SUBJECT ADDED ENTRY--TOPICAL TERM
Topical term or geographic name entry element Games & activities
Form subdivision sudoku
650 ## - SUBJECT ADDED ENTRY--TOPICAL TERM
Topical term or geographic name entry element Juvenile nonfiction
Form subdivision mathematics
General subdivision general
650 ## - SUBJECT ADDED ENTRY--TOPICAL TERM
Topical term or geographic name entry element Mathematics
Form subdivision geometry
General subdivision general
700 1# - ADDED ENTRY--PERSONAL NAME
Personal name Vincent, Pantaloni.
Relator term author
942 ## - ADDED ENTRY ELEMENTS (KOHA)
Source of classification or shelving scheme
Koha item type Books - Non Ficton
980 ## - EQUIVALENCE OR CROSS-REFERENCE-SERIES STATEMENT--PERSONAL NAME/TITLE [LOCAL, CANADA]
Miscellaneous information 1
Date of a work 1/3659105
981 ## - EQUIVALENCE OR CROSS-REFERENCE-SERIES STATEMENT--CORPORATE NAME/TITLE [LOCAL, CANADA]
Date of meeting or treaty signing Agency file oxf2018-07.1
Holdings
Withdrawn status Lost status Source of classification or shelving scheme Damaged status Not for loan Collection code Permanent Location Current Location Shelving location Date acquired Full call number Barcode Date last seen Price effective from Koha item type
          Non-Fiction KH8 Senior School Library KH8 Senior School Library Non Fiction 2019-07-29 793.7 SOU 3KHSL000100135 2019-07-29 2019-07-29 Books - Non Ficton
          Teaching Resources KH8 Senior School Library KH8 Senior School Library Staff Office 2023-10-02 793.7 SOU TRKHSL003936 2023-10-02 2023-10-02 Teaching Resources

Powered By KH8 IT Dept